000 00603 a2200181 4500
999 _c5050
_d5050
020 _a9781908363077
050 _aHM1261 LEV 2013
100 _aLevin, Lindsay
_eauthor
245 _aInvisible giants :
_bchanging the world one step at a time /
_cLindsay Levin
264 _aBristol :
_bVala,
_c2013.
300 _a152p. :
500 _aIncludes bibliographical references
650 _aLeadership -- Case studies.
650 _aSocial change -- Case studies.
650 _aSocial responsibility of business -- Case studies.
650 _aCivic leaders--Case studies.
942 _2lcc
_cBK
_h1261
_iLEV
_kHM